000 00810nam a2200217Ii 4500
003 JO-AjNU
008 230605s9999||||xx |||||||||||||| ||und||
020 _a978-9953-13-185-6
040 _aJO-AjNU
_bara
_erda
_cJO-AjNU
041 _aara
050 1 4 _aPJ7750.A25 2008
100 3 _aالمعري، ابي العلاء,
_eauthor
_961978
245 0 0 _aرسالة الغفران
250 _aالطبعة الاولى
264 3 1 _aبيروت: دار صادر للطباعة والنشر، 2008
300 _a312ص
_bيحتوي على فهرس اعلام ببلوغرافيا من ص 293-312
336 _atext
_btxt
_2rdacontent
337 _aunmediated
_bn
_2rdamedia
338 _avolume
_bnc
_2rdacarrier
650 4 _aالسياسيون-العصر العباسي- الرسائل العربية
_961979
999 _aA28042
_c31610
_d31610